Statistics for Biggest towns in England.

Click here to take the quiz!

General Stats

  • This quiz has been taken 57 times
  • The average score is 5 of 10

Answer Stats

RankPopulationAnswer% Correct
1232,662Reading
69%
3189,474Northampton
58%
10155,442Swindon
58%
8167,527Bournemouth
56%
4185,543Luton
56%
5184,506Milton Keynes
53%
9160,257Southend - on - Sea
47%
2194,619Dudley
27%
6170,994Walsall
24%
7169,822Basildon
16%

Score Distribution

Percentile by Number Answered

Percent of People with Each Score

Your Score History

You have not taken this quiz